000 01139pam a2200361 a 4500
001 898320
003 Ost
005 20140310184407.0
008 810715r1982 nyua j 000 1 eng
010 _a 81011525
020 _a0590433415
040 _aDLC
_cDLC
_dDLC
042 _alcac
050 0 0 _aPZ 7
_b.Sm642 1982
100 2 _aKing-Smith, Dick.
_96361
240 1 0 _aDaggie Dogfoot
245 1 0 _aPigs might fly /
_cby Dick King-Smith ; drawings by Mary Rayner.
250 _a1st American ed.
260 _aNew York :
_bViking Press,
_c1982
300 _a158 p. :
_bill. ;
_c19 cm.
500 _aLondon ed. published as: Daggie Dogfoot. 1980.
520 _aA runt piglet born with deformed front feet is coached in swimming by a duck and an otter and, when the pig farm is flooded, becomes a hero.
521 _aG12
526 _c1030
562 _e1
650 1 _aPigs
_xFiction.
_96362
650 1 _aFarm life
_xFiction.
_96363
651 1 _aEngland
_xFiction.
_96364
700 1 _aRayner, Mary,
_eill.
_96365
906 _a7
_bcbc
_corignew
_d1
_eocip
_f19
_gy-gencatlg
942 _2lcc
_cBK-SCHOLAS
999 _c34056
_d34056